| 000 | 00420nam a2200133Ia 4500 | ||
|---|---|---|---|
| 008 | 200619s9999 xx 000 0 und d | ||
| 020 | _a8178770490 | ||
| 100 | _aEd., Bislalli Veerabhadrappa | ||
| 245 | 0 | _aProfessor M.D.N.: A Collection of Articles on Prof. M.D. Nanjundaswamy | |
| 264 |
_aMysore _bAbhiruchi Prakashana _c2008 |
||
| 300 | _a408 | ||
| 942 | _cIR | ||
| 999 |
_c120355 _d120355 |
||